Score 0/20 Timer 03:00
0 Plays Today
% Correct
Mermaid Man and
Barnacle Boy III
87.1%
Frankendoodle
87.1%
The Secret Box
86.4%
Squid on Strike
86.1%
Band Geeks
85.5%
Gary Takes a Bath
85.5%
Welcome to the
Chum Bucket
85%
Sandy, SpongeBob,
and the Worm
84.9%
Artist Unknown
84.2%
Squirrel Jokes
83.2%
% Correct
Procrastination
79.2%
The Fry Cook Games
79.1%
The Smoking Peanut
77.9%
Krusty Love
77.3%
Jellyfish Hunter
76.6%
Graveyard Shift
76.2%
I'm with Stupid
74.5%
Sailor Mouth
72.9%
Shanghaied
71.2%
Pressure
69.6%
Remove Ads.
Support Sporcle.
Get the best of Sporcle when you Go Orange. This ad-free experience offers more features, more stats, and more fun while also helping to support Sporcle. Thank you for becoming a member.

You're not logged in!

Compare scores with friends on all Sporcle quizzes.
OR
Log In

Sporcle TV

Today on Sporcle TV


Watch our educational content, quiz creation guides, and fun videos on Sporcle TV.

Show Comments

Extras

Top Quizzes Today


Score Distribution

Paid Content

Your Account Isn't Verified!

In order to create a playlist on Sporcle, you need to verify the email address you used during registration. Go to your Sporcle Settings to finish the process.

Report this User

Report this user for behavior that violates our Community Guidelines.

Details: